• 首页
  • 本馆介绍
  • 公告通知
  • 最新文献
  • 馆藏检索
  • 电子资源
  • 读者导购
  • 参考咨询
  • 我的图书馆
  • 登录
  • 详细信息显示
  • 放入我的书架
  • 预约/预借图书
  • 作者相关作品
  • 分类相关作品
  • 丛书相关作品
  • 出版社相关作品

书目信息

  • 表格格式
  • 工作单格式
  • 卡片格式
题名:
差异?差距?
    
 
作者: 郭华 主编
分册:  
出版信息: 北京   教育科学出版社  2012
页数: 12,228页
开本: 24cm
丛书名: 教育家书院丛书
单 册:
中图分类: G639.2 , G639.712
科图分类:
主题词: 中小学教育--对比研究--中国--美国 , 中小学教育
电子资源:
ISBN: 978-7-5041-6556-5
000 01167nam0 2200289 450
001 523
005 20140910081333.90
010    @a978-7-5041-6556-5@dCNY39.80
100    @a20130513d2012 em y0chiy50 ea
101 0  @achi
102    @aCN@b110000
105    @aa z 000yy
106    @ar
200 1  @a差异?差距?@ACha Yi? Cha Ju?@e中国校长美国考察笔记@EZhong Guo Xiao Chang Mei Guo Kao Cha Bi Ji@f郭华主编@FGuo Hua Zhu Bian
210    @a北京@c教育科学出版社@d2012
215    @a12,228页@c彩照,彩图@d24cm
225 2  @a教育家书院丛书@i游学系列@f顾明远主编
330    @a本书记录着我们这个时代对美国教育的态度,记录着我们对教育尤其是对学校教育的认识。内容包括:给学生怎样的数学课堂、窗外的世界也精彩、教育环境的理念、与众不同的MIT校庆、教育融通生活、不同国度下的精彩——边看边谈中美幼儿教育等。
461  0 @12001 @a教育家书院丛书
517 1  @a中国校长美国考察笔记@AZhong Guo Xiao Chang Mei Guo Kao Cha Bi Ji
606 0  @a中小学教育@x对比研究@y中国@y美国
606 0  @a中小学教育
690    @aG639.2@v5
690    @aG639.712@v5
701  0 @a郭华@AGuo Hua@c(女,@f1966~)@4主编
801  0 @aCN@bTANGWEI@c20140603
905    @b0838576-78@dG639.2@e1129@f3
    
    差异?差距?:中国校长美国考察笔记/郭华主编.-北京:教育科学出版社,2012
    12,228页:彩照,彩图;24cm.-(教育家书院丛书.游学系列/顾明远主编)
    
    
    ISBN 978-7-5041-6556-5:CNY39.80
    本书记录着我们这个时代对美国教育的态度,记录着我们对教育尤其是对学校教育的认识。内容包括:给学生怎样的数学课堂、窗外的世界也精彩、教育环境的理念、与众不同的MIT校庆、教育融通生活、不同国度下的精彩——边看边谈中美幼儿教育等。
●
相关链接 在E读中查询图书 在五车中查询图书 在当当中查询图书 在豆瓣中查询图书


正题名:差异?差距?     索取号:G639.2/1129         预约/预借

序号 登录号 条形码 馆藏地/架位号 状态 备注
1 0838576   208385763   第一样本阅览室/ [索取号:G639.2/1129] 在馆    
2 0838577   208385772   第四借阅区/ [索取号:G639.2/1129] 在馆    
3 0838578   208385781   第四借阅区/ [索取号:G639.2/1129] 在馆    
唐山师范学院图书馆 欢迎您!
大连网信软件有限公司© 版权所有